| 000 | 00641nam a2200205 a 4500 | ||
|---|---|---|---|
| 005 | 20240426063924.0 | ||
| 008 | 991125s1992 mx 000 0 spa u | ||
| 020 | _a9684525583 | ||
| 035 | _aUPN01000058385 | ||
| 049 | _aCG | ||
| 050 | 4 |
_aF1234 C3 _bT3.8 1992 |
|
| 100 | 1 |
_aTaracena Quevedo, Alfonso, _d1896-1995 _940262 |
|
| 245 | 1 | 3 |
_aLa verdadera revolución mexicana : _b1928-1929 / _cAlfonso Taracena ; palabras de Rafael Solana, Jr. |
| 250 | _a2a ed. | ||
| 260 |
_aMéxico : _bPorrúa, _c1992. |
||
| 300 | _a398 p. | ||
| 440 | 0 |
_aSepan cuantos ; _v616 |
|
| 651 | 4 |
_aMEXICO - _xHISTORIA - _yREGIMEN CALLISTA, 1924-1928 |
|
| 905 | _aLibro | ||
| 999 |
_c58385 _d58385 |
||